5-Star Movie Villains III Quiz Stats

Quiz Updated May 4, 2016

Challenge
Share
Tweet
Embed
Score 0/30 Timer 08:00
6 Plays Today
% Correct
President Snow
92%
Prince Charming
90.6%
Lord Farquaad
90.1%
Smaug
90%
Fairy Godmother
89.6%
Ultron
86.3%
Loki
85.8%
Rumpelstiltskin
85.2%
Azog the Defiler
80.6%
President Alma Coin
80.3%
Red Skull
79.5%
Seneca Crane
75.1%
Bolg
73.5%
Cato
68.3%
The Necromancer
66.4%
% Correct
Owen Shaw
66.3%
Long John Silver
65.2%
Deckard Shaw
64.7%
Master of Lake-Town
64.3%
Carter Verone
63.8%
Captain Hook
63.2%
Doc Hopper
61.2%
Hernan Reyes
60.8%
Abomination
59.4%
Arturo Braga
59.2%
Clove
54.9%
Tex Richman
51%
Ronan the Accuser
49.8%
Nicky Holiday
44.2%
Constantine
32.8%

You're not logged in!

Compare scores with friends on all Sporcle quizzes.
Sign Up with Email
OR
Log In

You Might Also Like...

Show Comments

Extras

Top Quizzes Today


Score Distribution

Your Account Isn't Verified!

In order to create a playlist on Sporcle, you need to verify the email address you used during registration. Go to your Sporcle Settings to finish the process.